| 000 | 00814nam a2200241 i 4500 | ||
|---|---|---|---|
| 001 | 172477 | ||
| 003 | ES-MaACL | ||
| 005 | 20230906214928.0 | ||
| 008 | 090709s1980 sp |||| | spa d | ||
| 017 | _aBI 157-1980 | ||
| 020 | _a84-7485-010-X | ||
| 080 | _a347.91/.95(460)(075.8) | ||
| 100 | 1 |
_aGuerra San Martín, José. _9141022 |
|
| 245 | 1 | 0 |
_aLecciones de Derecho procesal civil. _nT. II (Parte especial) / _cJosé Guerra San Martín. |
| 260 |
_aBilbao : _bPublicaciones de la Universidad de Deusto, _c1980. |
||
| 300 |
_a128 p. ; _c22 cm. |
||
| 490 | 1 |
_aManuales universitarios ; _v8 |
|
| 505 | 8 | _aContiene : Volumen II | |
| 650 | 4 |
_aProcedimiento civil- _zEspaña. _916420 |
|
| 830 | 0 |
_aManuales universitarios ; _v8 _9182537 |
|
| 852 |
_aES-MaACL _jE-12791 _9R.143567 |
||
| 999 |
_c172477 _d172477 |
||